000 00392nam a2200157Ia 4500
008 230917s9999||||xx |||||||||||||| ||und||
040 _e155923
_aMAIN
041 _aEnglish
082 _a005.74 F74D
100 _aForouzan, Behrouza
245 0 _aData Commnications and netwrking
250 _a4th ed.
260 _aNew Delhi
_bTata McGraw-Hill
_c2009
300 _a1134 p.
942 _cBK
999 _c152987
_d152987